Associez les lignes de métro parisien à leur couleur - Statistiques

Statistiques générales
  • Ce quiz a été pris 567 fois
  • Le résultat moyen est 11 sur 14
Statistiques - réponses
Hint Réponse % Correct
Ligne 2

92%
Ligne 14

87%
Ligne 1

86%
Ligne 12

78%
Ligne 13 / 3bis

77%
Ligne 7

77%
Ligne 5

77%
Ligne 11

76%
Ligne 4

76%
Ligne 8

73%
Ligne 10

72%
Ligne 6 / 7bis

69%
Ligne 9

69%
Ligne 3

68%
Aucun quiz correspondant
Distribution des résultats
% des personnes avec chaque résultat
Percentile par nombre de réponses
Votre historique - résultats
Vous n’avez pas pris ce quiz